Responses for Show #8568 - Wednesday, February 2, 2022

Contestants

[<< previous game]

Emma Saltzberg, a consultant from Brooklyn, New York

Ben Sloat, an artist and art professor from Brookline, Massachusetts

Scott Plummer, a software developer from Golden, Colorado (whose 1-day cash winnings total $28,800)

[next game >>]

Jeopardy! Round responses

AUSTRALIANA
IN MY WORDS
MLB TEAM NAMES, DEFINED
CAR"Z"
(Mayim: Each response will contain a "Z".)
WELL, IT'S GROUNDHOG DAY
AGAIN
    $200 5
(Emma: What is World War II?)

World War I

ScottEmma
    $200 27
a Witch

Emma
    $200 7
the Padres

Scott
    $200 12
the K5 Blazer

Triple Stumper
    $200 16
Punxsutawney

Scott
    $200 22
ditto

Emma
    $400 4
a gas station

Emma
    $400 28
Me Too

Emma
    $400 8
(Emma: Who are the Dodgers?)
(Ben: Who are the A's?)
...
(Mayim: [*]. Get it? Stole. Aargh! [*].)
[Laughter]

the Pirates

BenEmma
Triple Stumper
    $400 13
(Carl) Benz

Scott
    $400 17
Queen Victoria

Ben
    $1,000 23
replay

Emma
    $600 1
Crocodile Dundee

Scott
    $600 26
New Orleans

Emma
    $600 6
the Diamondbacks

Emma
    $600 11
Mazda

Emma
    $600 18
Robinson Crusoe

Scott
    $600 21
a reprise

Emma
    $800 2
the Labor Party

Emma
    $800 29
Katie Couric

Emma
    $800 9
(Emma: Who are the Mariners?)

the Rangers

Emma
Triple Stumper
    $800 14
Isuzu

Ben
    $800 19
(Emma: What is Arkansas?)

Virginia

ScottEmma
    $800 24
(Ben: What's henceforth?)

anon

ScottBen
    $1000 3
(Mayim: And, boy, would I like to go there.)
[Laughter]

Bondi Beach

Triple Stumper
    $1000 30
Alison Bechdel

Emma
    $1000 10
the Dodgers

Scott
    $1000 15
an Enzo

Ben
    $1000 20
Guadalupe Hidalgo

Scott
    $1000 25
iterate

Triple Stumper

Scores at the first commercial break (after clue 15):

Scott Ben Emma
$2,400 $1,400 $1,000

Scores at the end of the Jeopardy! Round:

Scott Ben Emma
$5,800 $1,000 $5,000

Double Jeopardy! Round responses

SONGS ON MY PLAY LIST
THE LEADER IN BETWEEN
POETRY
YOU'RE THE DOG
ALLITERATIVE GEOGRAPHY
"AD" IT UP
(Mayim: Responses start with "A-D".)
    $400 29
Play that funky music

Emma
    $400 3
(Benjamin) Harrison

Scott
    $400 11
J. Alfred Prufrock

Scott
    $400 8
a guide dog

Ben
    $400 30
the Golden Gate

Triple Stumper
    $400 27
an adaptation

Emma
    $800 28
Madonna

Scott
    $800 4
Edward VIII

Scott
    $800 10
the Ancient Mariner

Scott
    $800 17
Snoopy

Scott
    $800 13
Addis Ababa

Ben
    $800 26
adjustable

Emma
    $1200 1
"On Broadway"

Scott
    $1200 2
Paul Ryan

Emma
    $1,400 9
(Ben: Hmm, I don't know.)

weak and weary

Ben
    $1200 7
Balto

Emma
    $1200 12
(Scott: What is Cork?)
[Mayim says nothing.]
(Scott: What is [*]?)

County Cork

Scott
    $1200 24
the Admiralty

Emma
    $1600 20
(Emma: What is Green Day?)

The Offspring

Emma
Triple Stumper
    $1600 5
(Golda) Meir

Scott
    $1600 15
Emily Dickinson

Emma
    $1600 18
Sputnik

Scott
    $2,000 14
San Salvador

Ben
    $1600 23
admonition

Scott
    $2000 21
Cat Stevens (Yusuf Islam)

Scott
    $2000 6
Paul VI

Triple Stumper
    $2000 16
Plath

Ben
    $2000 19
Millie

Ben
    $2000 22
Lake Lucerne

Triple Stumper
    $2000 25
(Scott: What is advocate?)

adversary

ScottEmma

Scores at the end of the Double Jeopardy! Round:

Scott Ben Emma
$17,000 $6,800 $12,200

[wagering suggestions for these scores]

Final Jeopardy! Round responses

RECENT TV
(Mayim: [To Ben] [*], former World Chess Champion.)
BenWho is Kasparov?
$0
EmmaWho is Kasparov? Kasparov?
$10,000
ScottWho is Bobby Fisher?
$7,401
(Garry) Kasparov

Final scores:

Scott Ben Emma
$9,599 $6,800 $22,200
2nd place: $2,000 3rd place: $1,000 New champion: $22,200

Game dynamics:

Coryat scores:

Scott Ben Emma
$17,000 $7,800 $11,600
22 R,
1 W
8 R
(including 1 DD),
3 W
(including 1 DD)
20 R
(including 1 DD),
5 W

Combined Coryat: $36,400

[game clues] [game scores] [suggest correction]

Game tape date: 2021-11-29
The J! Archive is created by fans, for fans. Scraping, republication, monetization, and malicious use prohibited; this site may use cookies and collect identifying information. See terms. The Jeopardy! game show and all elements thereof, including but not limited to copyright and trademark thereto, are the property of Jeopardy Productions, Inc. and are protected under law. This website is not affiliated with, sponsored by, or operated by Jeopardy Productions, Inc. Join the discussion at JBoard.tv.